000 00425cam a2200169 4500
001 D15170
008 090401t1968 xxu||||| |||| 00| 0 eng d
035 _a(Sirsi) u20727
041 _aeng
110 _aRoyal Institution of Chartered Surveyors
_bGloucestershire
_9799
245 _aCentenary year project
260 _bRICS
_c1968
350 _a0
520 _aFiled in box 1968/42 A
942 _n0
948 _c04/03/1997
999 _c87863
_d87863